000 00492nam a2200181Ia 4500
008 090124s9999 xx 000 0 und d
082 _b128167
100 _aप्रभावळकर दिलीप
245 _a गुगली
250 _a3
260 _c1994
300 _a142
600 _aप्रभावळकर दिलीप
630 _a गुगली
700 _aप्रभावळकर दिलीप
730 _a गुगली
942 _cBOOK
999 _c174256
_d174256